<?xml version="1.0" encoding="UTF-8"?>
<record
    xmlns:xsi="http://www.w3.org/2001/XMLSchema-instance"
    xsi:schemaLocation="http://www.loc.gov/MARC21/slim http://www.loc.gov/standards/marcxml/schema/MARC21slim.xsd"
    xmlns="http://www.loc.gov/MARC21/slim">

  <leader>01599nam a22001937a 4500</leader>
  <controlfield tag="008">120725t        xxu||||| |||| 00| 0 eng d</controlfield>
  <datafield tag="020" ind1=" " ind2=" ">
    <subfield code="a">139781603340120</subfield>
  </datafield>
  <datafield tag="050" ind1=" " ind2=" ">
    <subfield code="a">QA76.5.P318</subfield>
  </datafield>
  <datafield tag="100" ind1=" " ind2=" ">
    <subfield code="a">Morley, Deborah</subfield>
  </datafield>
  <datafield tag="245" ind1=" " ind2=" ">
    <subfield code="a">Understanding computers: today and tomorrow. /</subfield>
    <subfield code="c">Deborah Morley and Charles S. Parker.</subfield>
  </datafield>
  <datafield tag="250" ind1=" " ind2=" ">
    <subfield code="a">12th ed.</subfield>
  </datafield>
  <datafield tag="260" ind1=" " ind2=" ">
    <subfield code="a">Australia:</subfield>
    <subfield code="b">Course Technology,</subfield>
    <subfield code="c">c2009.</subfield>
  </datafield>
  <datafield tag="300" ind1=" " ind2=" ">
    <subfield code="a">xxiii, 719 + various pagings:</subfield>
    <subfield code="b">ill.;</subfield>
    <subfield code="c">27cm.</subfield>
  </datafield>
  <datafield tag="500" ind1=" " ind2=" ">
    <subfield code="a">Includes index.</subfield>
  </datafield>
  <datafield tag="505" ind1=" " ind2=" ">
    <subfield code="a">Contents: Module introduction: Introduction to the world of computers -- Expert insight on personal computers -- Module hardware: The System unit: processing and memory -- Storage -- Input and output -- Expert insight on hardware -- Module software: System software: operating systems and utility programs -- Application software -- Expert insight on software -- Module networks and the internet: Computer networks -- The Internet and world wide web -- Network and internet security -- Expert insight on networks and the internet -- Module business on the web: Multimedia and the web -- E-Commerce -- Expert insight on web-based multimedia and E-Commerce -- Module systems: Information systems and system development -- Program development and programming languages -- Databases and database management systems -- Expert insight on systems -- Module computers and society: Computer security and privacy -- Intellectual property rights, ethics, health, access, and the environment -- Expert insight on computers and society. </subfield>
  </datafield>
  <datafield tag="650" ind1=" " ind2=" ">
    <subfield code="b">Computing.</subfield>
  </datafield>
  <datafield tag="700" ind1=" " ind2=" ">
    <subfield code="a">Parker, Charles S.</subfield>
  </datafield>
  <datafield tag="942" ind1=" " ind2=" ">
    <subfield code="2">lcc</subfield>
    <subfield code="c">BK</subfield>
  </datafield>
  <datafield tag="999" ind1=" " ind2=" ">
    <subfield code="c">1819</subfield>
    <subfield code="d">9319</subfield>
  </datafield>
  <datafield tag="952" ind1=" " ind2=" ">
    <subfield code="0">0</subfield>
    <subfield code="1">0</subfield>
    <subfield code="2">lcc</subfield>
    <subfield code="4">0</subfield>
    <subfield code="7">0</subfield>
    <subfield code="a">WIUC-1</subfield>
    <subfield code="b">WIUC-1</subfield>
    <subfield code="c">GEN</subfield>
    <subfield code="d">2012-07-25</subfield>
    <subfield code="l">0</subfield>
    <subfield code="o">QA76.5.P318</subfield>
    <subfield code="p">5030/12</subfield>
    <subfield code="r">2012-07-25 00:00:00</subfield>
    <subfield code="t">1</subfield>
    <subfield code="w">2012-07-25</subfield>
    <subfield code="y">BK</subfield>
  </datafield>
  <datafield tag="952" ind1=" " ind2=" ">
    <subfield code="0">0</subfield>
    <subfield code="1">0</subfield>
    <subfield code="2">lcc</subfield>
    <subfield code="4">0</subfield>
    <subfield code="7">0</subfield>
    <subfield code="a">WIUC-1</subfield>
    <subfield code="b">WIUC-1</subfield>
    <subfield code="c">GEN</subfield>
    <subfield code="d">2012-07-25</subfield>
    <subfield code="l">0</subfield>
    <subfield code="o">QA76.5.P3181</subfield>
    <subfield code="p">5031/12</subfield>
    <subfield code="r">2012-07-25 00:00:00</subfield>
    <subfield code="t">2</subfield>
    <subfield code="w">2012-07-25</subfield>
    <subfield code="y">BK</subfield>
  </datafield>
  <datafield tag="952" ind1=" " ind2=" ">
    <subfield code="0">0</subfield>
    <subfield code="1">0</subfield>
    <subfield code="2">lcc</subfield>
    <subfield code="4">0</subfield>
    <subfield code="7">0</subfield>
    <subfield code="a">WIUC-1</subfield>
    <subfield code="b">WIUC-1</subfield>
    <subfield code="c">GEN</subfield>
    <subfield code="d">2012-07-25</subfield>
    <subfield code="l">0</subfield>
    <subfield code="o">QA76.5.P3182</subfield>
    <subfield code="p">5032/12</subfield>
    <subfield code="r">2012-07-25 00:00:00</subfield>
    <subfield code="t">3</subfield>
    <subfield code="w">2012-07-25</subfield>
    <subfield code="y">BK</subfield>
  </datafield>
  <datafield tag="952" ind1=" " ind2=" ">
    <subfield code="0">0</subfield>
    <subfield code="1">0</subfield>
    <subfield code="2">lcc</subfield>
    <subfield code="4">0</subfield>
    <subfield code="7">0</subfield>
    <subfield code="a">WIUC-1</subfield>
    <subfield code="b">WIUC-1</subfield>
    <subfield code="c">GEN</subfield>
    <subfield code="d">2012-07-25</subfield>
    <subfield code="l">0</subfield>
    <subfield code="o">QA76.5.P3183</subfield>
    <subfield code="p">5033/12</subfield>
    <subfield code="r">2012-07-25 00:00:00</subfield>
    <subfield code="t">4</subfield>
    <subfield code="w">2012-07-25</subfield>
    <subfield code="y">BK</subfield>
  </datafield>
  <datafield tag="952" ind1=" " ind2=" ">
    <subfield code="0">0</subfield>
    <subfield code="1">0</subfield>
    <subfield code="2">lcc</subfield>
    <subfield code="4">0</subfield>
    <subfield code="7">0</subfield>
    <subfield code="a">WIUC-1</subfield>
    <subfield code="b">WIUC-1</subfield>
    <subfield code="c">GEN</subfield>
    <subfield code="d">2012-07-25</subfield>
    <subfield code="l">0</subfield>
    <subfield code="o">QA76.5.P3184</subfield>
    <subfield code="p">5034/12</subfield>
    <subfield code="r">2012-07-25 00:00:00</subfield>
    <subfield code="t">5</subfield>
    <subfield code="w">2012-07-25</subfield>
    <subfield code="y">BK</subfield>
  </datafield>
  <datafield tag="952" ind1=" " ind2=" ">
    <subfield code="0">0</subfield>
    <subfield code="1">0</subfield>
    <subfield code="2">lcc</subfield>
    <subfield code="4">0</subfield>
    <subfield code="7">0</subfield>
    <subfield code="a">WIUC-1</subfield>
    <subfield code="b">WIUC-1</subfield>
    <subfield code="c">GEN</subfield>
    <subfield code="d">2012-07-25</subfield>
    <subfield code="l">0</subfield>
    <subfield code="o">QA76.5.P3185</subfield>
    <subfield code="p">5035/12</subfield>
    <subfield code="r">2012-07-25 00:00:00</subfield>
    <subfield code="t">6</subfield>
    <subfield code="w">2012-07-25</subfield>
    <subfield code="y">BK</subfield>
  </datafield>
  <datafield tag="952" ind1=" " ind2=" ">
    <subfield code="0">0</subfield>
    <subfield code="1">0</subfield>
    <subfield code="2">lcc</subfield>
    <subfield code="4">0</subfield>
    <subfield code="7">0</subfield>
    <subfield code="a">WIUC-1</subfield>
    <subfield code="b">WIUC-1</subfield>
    <subfield code="c">GEN</subfield>
    <subfield code="d">2012-07-25</subfield>
    <subfield code="l">0</subfield>
    <subfield code="o">QA76.5.P3186</subfield>
    <subfield code="p">5036/12</subfield>
    <subfield code="r">2012-07-25 00:00:00</subfield>
    <subfield code="t">7</subfield>
    <subfield code="w">2012-07-25</subfield>
    <subfield code="y">BK</subfield>
  </datafield>
  <datafield tag="952" ind1=" " ind2=" ">
    <subfield code="0">0</subfield>
    <subfield code="1">0</subfield>
    <subfield code="2">lcc</subfield>
    <subfield code="4">0</subfield>
    <subfield code="7">0</subfield>
    <subfield code="a">WIUC-1</subfield>
    <subfield code="b">WIUC-1</subfield>
    <subfield code="c">GEN</subfield>
    <subfield code="d">2015-02-13</subfield>
    <subfield code="l">0</subfield>
    <subfield code="o">QA76.5.P3110</subfield>
    <subfield code="p">7861/288/15</subfield>
    <subfield code="r">2015-02-13 00:00:00</subfield>
    <subfield code="t">8</subfield>
    <subfield code="w">2015-02-13</subfield>
    <subfield code="y">BK</subfield>
  </datafield>
</record>
